[Event "Milan Palladino Memorial-A 6th"]
[Site "Milan"]
[Date "2014.04.17"]
[Round "1"]
[White "Darvishi, Mahmood"]
[Black "Quagliarella, Sabino Remo"]
[Result "0-1"]
[WhiteElo "2051"]
[BlackElo "1863"]
[PlyCount "68"]
[EventDate "2014.04.17"]
[EventType "swiss"]
[EventRounds "7"]
[EventCountry "ITA"]
[SourceTitle "EXT 2015"]
[Source "ChessBase"]
[SourceDate "2014.11.20"]
[SourceVersion "1"]
[SourceVersionDate "2014.11.20"]
[SourceQuality "1"]

1. e4 c5 2. Nf3 d6 3. d4 cxd4 4. Nxd4 Nf6 5. Nc3 a6 6. Bg5 Nbd7 7. f4 Qc7 8. Qf3 g6 9. 0-0-0 Bg7 10. g4 Rb8 11. Kb1 b5 12. Bd3 Bb7 13. Nde2 b4 14. Nd5 Nxd5 15. exd5 Nb6 16. Be4 Qc5 17. f5 Be5 18. fxg6 hxg6 19. Rhf1 f6 20. Be3 Qc7 21. Bxg6+ Kd8 22. Bxb6 Qxb6 23. Nf4 Bxf4 24. Qxf4 Qc5 25. Be4 a5 26. Rh1 Rh3 27. Bg2 Re3 28. Rd2 Re5 29. Rhd1 Rc8 30. Be4 Qc4 31. Rd4 Qe2 32. h4 Rc4 33. Qd2 Qxd2 34. R1xd2 Rxe4 0-1

[Event "Milan Carnevale op-A 5th"]
[Site "Milan"]
[Date "2014.03.06"]
[Round "2"]
[White "Darvishi, Mahmood"]
[Black "Vezzosi, Paolo"]
[Result "0-1"]
[WhiteElo "2057"]
[BlackElo "2277"]
[PlyCount "64"]
[EventDate "2014.03.05"]
[EventType "swiss"]
[EventRounds "6"]
[EventCountry "ITA"]
[SourceTitle "EXT 2015"]
[Source "ChessBase"]
[SourceDate "2014.11.20"]
[SourceVersion "1"]
[SourceVersionDate "2014.11.20"]
[SourceQuality "1"]

1. d4 d5 2. c4 dxc4 3. e3 a6 4. a4 Nf6 5. Bxc4 Nc6 6. Qb3 e6 7. a5 Nd7 8. d5 Nc5 9. Qd1 Ne5 10. b3 exd5 11. Be2 Qf6 12. Ra2 Qg6 13. Nc3 Be6 14. Kf1 0-0-0 15. Rd2 c6 16. Rd4 Bf5 17. Rd2 Ne6 18. Na2 h5 19. Bb2 Bd6 20. b4 Nc7 21. Bd4 Nc4 22. Bxc4 dxc4 23. Bb6 c3 24. Nxc3 Bxb4 25. Nge2 Bd3 26. Qc1 Qe6 27. f3 Bxe2+ 28. Rxe2 Qc4 29. Bd4 Rxd4 30. exd4 Bxc3 31. Qc2 Re8 32. g3 Nb5 0-1

[Event "Milan SSM op"]
[Site "Milan"]
[Date "2014.01.24"]
[Round "4"]
[White "Pollio, Ciro"]
[Black "Darvishi, Mahmood"]
[Result "0-1"]
[WhiteElo "1761"]
[BlackElo "2056"]
[PlyCount "58"]
[EventDate "2014.01.14"]
[EventType "swiss"]
[EventRounds "8"]
[EventCountry "ITA"]
[SourceTitle "EXT 2015"]
[Source "ChessBase"]
[SourceDate "2014.11.20"]
[SourceVersion "1"]
[SourceVersionDate "2014.11.20"]
[SourceQuality "1"]

1. d4 d5 2. c4 e6 3. cxd5 exd5 4. Nc3 c5 5. Nf3 Nc6 6. Bg5 Qa5 7. e3 c4 8. a3 h6 9. Bh4 Bf5 10. Be2 Bd6 11. 0-0 Nge7 12. Nd2 Qc7 13. Bg3 Bxg3 14. fxg3 Be6 15. Nb5 Qd7 16. Nb1 a6 17. N5c3 b5 18. Nd2 0-0 19. g4 Rab8 20. b4 Rb7 21. Bf3 Ra8 22. h4 a5 23. bxa5 Rxa5 24. g5 hxg5 25. hxg5 Qd6 26. Qe1 Rxa3 27. Nde4 dxe4 28. Nxe4 Rxa1 29. Qxa1 Qd8 0-1

[Event "Milan Crespi op-A 34th"]
[Site "Milan"]
[Date "2013.12.06"]
[Round "3"]
[White "Darvishi, Mahmood"]
[Black "Di Lascio, Savino"]
[Result "1-0"]
[WhiteElo "2035"]
[BlackElo "1893"]
[PlyCount "138"]
[EventDate "2013.12.04"]
[EventType "swiss"]
[EventRounds "7"]
[EventCountry "ITA"]
[SourceTitle "EXT 2024"]
[Source "ChessBase"]
[SourceDate "2023.10.10"]
[SourceVersion "1"]
[SourceVersionDate "2023.10.10"]
[SourceQuality "1"]

1. e4 c6 2. c4 d5 3. cxd5 cxd5 4. exd5 Nf6 5. Nf3 Nxd5 6. d4 g6 7. Nc3 Bg7 8. Bc4 Nb6 9. Bb3 0-0 10. h3 Nc6 11. a3 Nxd4 12. Nxd4 Qxd4 13. Qe2 Bd7 14. 0-0 Qh4 15. Re1 Rac8 16. Ne4 Bc6 17. Ng5 Bd5 18. Bxd5 Nxd5 19. g3 Qa4 20. Rd1 Rc2 21. Qf3 e6 22. Rb1 Qc6 23. Ne4 Qb6 24. Rd2 Rfc8 25. Rxc2 Rxc2 26. Qd3 Qc6 27. Nc3 Nxc3 28. Qd8+ Bf8 29. bxc3 Qd6 30. Qg5 Qd1+ 31. Kg2 Bc5 32. Qxc5 Rxc1 33. Rxc1 Qxc1 34. a4 b6 35. Qc7 a5 36. Qd8+ Kg7 37. Qd4+ Kg8 38. Qd8+ Kg7 39. Qd4+ Kf8 40. c4 Qc2 41. Qxb6 Qe4+ 42. Kh2 Qf3 43. Qd8+ Kg7 44. Qd4+ f6 45. Kg1 Qe2 46. c5 e5 47. Qd7+ Kh6 48. Qg4 Qc2 49. Qc8 Qd1+ 50. Kh2 Qf3 51. Kg1 Qd1+ 52. Kh2 Qf3 53. Kg1 Qd1+ 54. Kg2 Qd5+ 55. Kf1 Qd1+ 56. Kg2 Qd5+ 57. Kh2 Qf3 58. Qf8+ Kh5 59. g4+ Kg5 60. Kg1 Qxh3 61. Qd6 Qxg4+ 62. Kf1 h5 63. Qd2+ Kh4 64. Qc3 Qd1+ 65. Kg2 Kg5 66. c6 Qd5+ 67. Kh2 h4 68. c7 e4 69. Qe3+ Kh5 1-0